Представление документа в формате RUSMARC

ПолеНазваниеЗначение
  Тип записи a
  Библиографический уровень m
001 Контрольный номер RU/IS/BASE/548176211
005 Дата корректировки 20201206205047.9
010 Индекс ISBN __
a ISBN 978-5-9614-1055-6 (в пер.)
d Цена 190-00
100 Данные общей обработки __
a Данные общей обработки 19170515d2009||||||| 0rusy0189 ca
101 Язык документа 0_
a Язык текста rus
102 Страна публикации __
a Страна публикации RU|
105 Кодированные данные (монография) __
a Кодированные данные (монография) a||||||||||zy
200 Заглавие и сведения об ответственности 1_
a Заглавие Все о рекламе и продвижении в Интернете
f Первые сведения об ответственности Павел Алашкин
b Общее обозначение материала Текст
210 Выходные данные __
a Место издания Москва
c Издательство Альпина Бизнес Букс
d Дата издания 2009
215 Физическое описание __
a Объем 219, [1] с.
d Формат 21 см
300 Общие примечания __
a Общие примечания 3000 экз.
330 Аннотация __
a Аннотация Интернет уже давно стал ведущим медиапространством для продвижения самых разных продуктов. Все больше компаний, особенно в период финансового кризиса, предпочитают его другим медианосителям, поскольку реклама в Сети недорога и эффективна. В своей книге автор, который работает в медиаотрасли с 1992 года и руководил крупными интернет-проектами (в том числе сайтами газет "Аргументы и факты" и "Труд"), рассказывает обо всех инструментах рекламы в Интернете - медийных и контекстных баннерах, разнообразных PR-материалах, способах продажи рекламы и повышения дохода сайта, стратегиях поиска клиентов и многом другом. Следуя советам автора, вы сможете сделать ваш бизнес более успешным.
606 Тематические рубрики __
a Основная рубрика Экономика
606 Тематические рубрики __
a Основная рубрика Экономика рекламы
610 Ключевые слова __
a Ключевые слова PR
a Ключевые слова PR-материалы
a Ключевые слова баннеры
a Ключевые слова Интернет-реклама
a Ключевые слова контекстная реклама
a Ключевые слова реклама
a Ключевые слова реклама в Интернете
a Ключевые слова реклама товаров
686 Индексы других классификаций __
2 Код системы rubbks
a Классификационный индекс 65.47с51
700 Автор _1
a Фамилия Алашкин
b Имя П. А.
g Полное личное имя Павел А.
4 Код отношения 070
801 Источник записи _0
a Страна RU
b Организация Муниципальное бюджетное учреждение культуры "Централизованная библиотечная система" г. Сургут (Центральная городская библиотека им. А. С. Пушкина)
c Дата составления 20170515
g Правила каталогизации КиК/Котельникова
801 Источник записи _1
a Страна RU
b Организация Муниципальное бюджетное учреждение культуры "Централизованная библиотечная система" г. Сургут (Центральная городская библиотека им. А. С. Пушкина)
c Дата составления 20170515
g Правила каталогизации КиК/Котельникова
852 Данные о местонахождении __
j Шифр хранения 65.47с51
i Авторский знак А 45
901 Тип документа __
t Тип документа m
903 Характеристики (МАРС) __
a Дата передачи 20170515
990 Данные о заказе (DOS) __
j Количество экземпляров (DOS) 1
t N записи в КСУ для И/У (DOS) 201705